Results of some compression tests of structural steel angles.

Bibliographic Details
Other Authors: Stang, A. H. (Ambrose Henry), 1889-1972, Strickenberg, Lory R.
Format: Government Document eBook
Language:English
Published: [Washington?] : U.S. Government Printing Office, 1922.
Series:Technologic Papers No. 218
Subjects:
Online Access:Connect to the full text of this electronic document

MARC

Tag First Indicator Second Indicator Subfields
LEADER 00000cam a22000001a 4500
001 in00003663399
005 20190408174651.0
006 m o d f
007 cr bn mmmapmmp
008 040322s1922 dcu o f000 0 eng d
035 |a ebd1910201852 
040 |a UMI  |c UMI  |d UtOrBLW 
086 0 |a C 13.8:218 
099 |a C13.8-218 
245 0 0 |a Results of some compression tests of structural steel angles. 
264 1 |a [Washington?] :  |b U.S. Government Printing Office,  |c 1922. 
300 |a 1 online resource (pages 651-667) 
336 |a text  |b txt  |2 rdacontent 
337 |a computer  |b c  |2 rdamedia 
338 |a online resource  |b cr  |2 rdacarrier 
490 0 |a Technologic Papers No. 218 
500 |a [With data] 
500 |a Record is based on bibliographic data in ProQuest U.S. Executive Branch Documents, 1910-1932. Reuse except for individual research requires license from ProQuest, LLC. 
533 |a Electronic reproduction.  |b [Bethesda, Md.] :  |c ProQuest,  |d 2012.  |e digital, PDF file.  |n ProQuest U.S. Executive Branch Documents, 1910-1932.  |n Mode of access: World Wide Web via ProQuest website. 
538 |a System requirements: PDF reader software. 
500 |a Electronic resource. 
650 0 |a Materials  |x Compression testing.  |0 http://id.loc.gov/authorities/subjects/sh85082069 
655 7 |a Electronic books.  |2 local 
700 1 |a Stang, A. H.  |q (Ambrose Henry),  |d 1889-1972.  |0 http://id.loc.gov/authorities/names/n2007089261 
700 1 |a Strickenberg, Lory R. 
776 1 8 |i Microfiche version:  |t Results of some compression tests of structural steel angles  |o CIS US Exec MF C13.8-218  |w (ProQuest)cis19121545 
856 4 0 |u http://proxy.library.tamu.edu/login?url=http://congressional.proquest.com/congressional/docview/t66.d71.c13.8-218  |z Connect to the full text of this electronic document  |t 0 
999 f f |s 5d687dd4-2daf-3039-9030-ec38dbe90b8a  |i b6ffdc20-7378-3d6d-b313-dd02e2edd3f5  |t 0 
952 f f |a Texas A&M University  |b College Station  |c Electronic Resources  |d Available Online  |t 0  |h No information provided 
998 f f |t 0  |l Available Online